000 00753cam a22002533a 4500
001 14360
003 PGUSA
005 20140828083316.0
008 041215s2004||||xxu|||||s|||||000 p eng d
040 _aPGUSA
_beng
042 _adc
050 4 _aPS
100 1 _aNiles, Henry Thayer,
_d1825-1901
245 1 4 _aThe Dawn and the Day :
_bOr, The Buddha and the Christ, Part I
_h[electronic resource] /
_cHenry Thayer Niles
260 _bProject Gutenberg,
_c2004
506 _aPublic domain in the USA.
516 _aElectronic text
653 _aGautama Buddha -- Poetry
653 _aJesus Christ -- Poetry
653 _aReligious poetry
830 0 _aProject Gutenberg
_v14360
856 4 0 _uhttp://www.gutenberg.org/ebooks/14360
942 _cEB
999 _c243615
_d243615